[Event "BL 1920 Schachfreunde Deizisau - SG Tur"]
[Site "?"]
[Date "2020.02.09"]
[Round "6.8"]
[White "Graf, Alexander"]
[Black "Pajeken, Jakob Leon"]
[Result "1-0"]
[WhiteElo "2574"]
[BlackElo "2352"]
[PlyCount "139"]
[EventDate "2020.??.??"]

1. d4 d5 2. Nf3 Nf6 3. Bf4 c5 4. c3 e6 5. e3 Nc6 6. Nbd2 Be7 7. h3 Bd6 8. dxc5
Bxc5 9. Be2 Bd6 10. Bxd6 Qxd6 11. O-O O-O 12. c4 Rd8 13. cxd5 Qxd5 14. Qc2 Bd7
15. Rfd1 Rac8 16. Nc4 Qc5 17. a3 b5 18. b4 Qf8 19. Nd6 Nd4 20. Qb2 Nxe2+ 21.
Qxe2 Rb8 22. Ne5 Be8 23. Nxe8 Qxe8 24. Rxd8 Rxd8 25. Rc1 Rd5 26. f4 Ne4 27. Rc7
Qd8 28. Qc2 Ng3 29. Rc8 Rd1+ 30. Kf2 Ne4+ 31. Ke2 Rd2+ 32. Kf3 Rf2+ 33. Qxf2
Qxc8 34. Kxe4 f6 35. Nf3 Qc4+ 36. Nd4 Qd5+ 37. Kd3 e5 38. Qc2 exd4 39. e4 Qd6
40. Qc8+ Kf7 41. Qb7+ Kg6 42. g3 a6 43. Qd5 Qc7 44. Qc5 Qf7 45. Qd5 Qc7 46.
Kxd4 Qc1 47. Qb3 Qg1+ 48. Kd5 Qb6 49. f5+ Kh6 50. Qf3 Qb7+ 51. Kd4 Qb6+ 52. Kd3
Qd8+ 53. Ke2 Qc8 54. Qe3+ g5 55. h4 Qc2+ 56. Kf3 Qd1+ 57. Kg2 Qc2+ 58. Kh3 Qd1
59. hxg5+ fxg5 60. Kg2 Qc2+ 61. Kf3 Qd1+ 62. Kf2 Qc2+ 63. Qe2 Qb1 64. g4 Qh1
65. e5 Qh2+ 66. Kf3 Qh3+ 67. Ke4 Qxa3 68. Qh2+ Kg7 69. f6+ Kg8 70. Qd2 1-0

[Event "BL 1920 SF Berlin - SV Werder Bremen"]
[Site "?"]
[Date "2020.02.09"]
[Round "6.1"]
[White "Fressinet, Laurent"]
[Black "Schroeder, Jan-Christian"]
[Result "1/2-1/2"]
[WhiteElo "2633"]
[BlackElo "2563"]
[PlyCount "41"]
[EventDate "2020.??.??"]

1. c4 e6 2. Nc3 d5 3. d4 Nf6 4. cxd5 Nxd5 5. e3 c5 6. Bd3 Nc6 7. Nf3 Be7 8. O-O
cxd4 9. exd4 O-O 10. Qe2 Nf6 11. Rd1 Nb4 12. Bb1 b6 13. Ne5 Bb7 14. a3 Nbd5 15.
Nxd5 Nxd5 16. Qe4 g6 17. Bh6 Re8 18. Qf3 Bf6 19. Be4 Qe7 20. Rac1 Rac8 21. g3
1/2-1/2

[Event "BL 1920 SF Berlin - SV Werder Bremen"]
[Site "?"]
[Date "2020.02.09"]
[Round "6.2"]
[White "Tomczak, Jacek"]
[Black "Van Foreest, Lucas"]
[Result "1-0"]
[WhiteElo "2601"]
[BlackElo "2545"]
[PlyCount "93"]
[EventDate "2020.??.??"]

1. e4 e5 2. d4 exd4 3. Qxd4 Nc6 4. Qc4 Nf6 5. Nc3 Be7 6. Be3 O-O 7. f3 a6 8.
O-O-O b5 9. Qe2 d6 10. Qe1 b4 11. Nd5 a5 12. Ne2 Nxd5 13. exd5 Ne5 14. Nd4 Bb7
15. Nf5 Bf6 16. Bb5 Qc8 17. g4 Nxf3 18. Qg3 Ne5 19. Rhf1 Ba6 20. Bxa6 Rxa6 21.
Bd4 a4 22. Nh6+ gxh6 23. Rxf6 b3 24. a3 Qb7 25. c4 Rb6 26. Rxh6 Qa6 27. Qc3 Re8
28. g5 Qxc4 29. Bxe5 Qg4 30. Bf6 Re4 31. Qd3 Rb8 32. g6 Qf4+ 33. Qd2 fxg6 34.
Qxf4 Rxf4 35. Bc3 Re8 36. Re1 Rxe1+ 37. Bxe1 Rf1 38. Kd2 Rf5 39. Rh4 Rxd5+ 40.
Ke3 c5 41. Bd2 Re5+ 42. Kd3 Kf7 43. Rxh7+ Ke6 44. Rh6 Kf5 45. Rh4 d5 46. Rxa4
c4+ 47. Kd4 1-0

[Event "BL 1920 SF Berlin - SV Werder Bremen"]
[Site "?"]
[Date "2020.02.09"]
[Round "6.3"]
[White "Spoelman, Wouter"]
[Black "Moranda, Wojciech"]
[Result "1/2-1/2"]
[WhiteElo "2578"]
[BlackElo "2601"]
[PlyCount "76"]
[EventDate "2020.??.??"]

1. Nf3 Nf6 2. g3 d5 3. Bg2 e6 4. c4 dxc4 5. Qa4+ Bd7 6. Qxc4 c5 7. Ne5 Qc8 8.
b3 Nc6 9. Nxd7 Qxd7 10. Bb2 Be7 11. O-O O-O 12. Nc3 Rac8 13. Rad1 Rfd8 14. e3
Ne5 15. Qe2 Nd3 16. Ba1 b5 17. g4 c4 18. g5 Ne8 19. f4 f5 20. gxf6 Bxf6 21.
bxc4 Rxc4 22. Qg4 Kh8 23. a3 Nd6 24. Rb1 a6 25. Qe2 Nf5 26. Nd5 exd5 27. Qxd3
Nh4 28. Rf2 Qf5 29. Qxf5 Nxf5 30. Bxf6 gxf6 31. Rb3 Nh4 32. Kf1 d4 33. Rd3 a5
34. f5 Nxg2 35. Rxg2 b4 36. axb4 axb4 37. Rg4 Rb8 38. Rb3 Rc1+ 1/2-1/2

[Event "BL 1920 SF Berlin - SV Werder Bremen"]
[Site "?"]
[Date "2020.02.09"]
[Round "6.4"]
[White "Moroni, Luca Jr"]
[Black "Hracek, Zbynek"]
[Result "0-1"]
[WhiteElo "2536"]
[BlackElo "2562"]
[PlyCount "46"]
[EventDate "2020.??.??"]

1. d4 Nf6 2. Bf4 d5 3. e3 c5 4. dxc5 e6 5. b4 a5 6. c3 Bd7 7. Qb3 axb4 8. cxb4
b6 9. Bd6 bxc5 10. Bxf8 Rxf8 11. bxc5 Ne4 12. Qb2 Nc6 13. Nd2 Rb8 14. Qc1 Nxd2
15. Qxd2 Qf6 16. Qc1 Rb2 17. Nf3 Ke7 18. Bd3 Nb4 19. Bb1 Bb5 20. c6 Rc8 21.
Qc5+ Ke8 22. c7 Rxb1+ 23. Rxb1 Nd3+ 0-1

[Event "BL 1920 SF Berlin - SV Werder Bremen"]
[Site "?"]
[Date "2020.02.09"]
[Round "6.5"]
[White "Werle, Jan"]
[Black "Gumularz, Szymon"]
[Result "1/2-1/2"]
[WhiteElo "2545"]
[BlackElo "2508"]
[PlyCount "75"]
[EventDate "2020.??.??"]

1. d4 Nf6 2. c4 e6 3. Nf3 d5 4. g3 Be7 5. Bg2 O-O 6. Nc3 Nbd7 7. Ne5 c6 8. cxd5
exd5 9. f4 Ne8 10. O-O Nd6 11. g4 Nf6 12. f5 Nfe4 13. Bf4 f6 14. Nd3 Re8 15.
Nf2 Nxf2 16. Rxf2 Nf7 17. e4 dxe4 18. Nxe4 b6 19. Rc1 Bb7 20. Rd2 Rc8 21. Qb3
Qd7 22. Kh1 Bf8 23. a4 Kh8 24. a5 Qd5 25. Nc5 Qxb3 26. Nxb3 g5 27. fxg6 hxg6
28. Kg1 g5 29. Bg3 Re3 30. Rc3 Rxc3 31. bxc3 Ba6 32. axb6 axb6 33. Rf2 Kg7 34.
Nd2 Be7 35. Nf1 c5 36. d5 Bxf1 37. Rxf1 Bd6 38. Bxd6 1/2-1/2

[Event "BL 1920 SF Berlin - SV Werder Bremen"]
[Site "?"]
[Date "2020.02.09"]
[Round "6.6"]
[White "Baldauf, Marco"]
[Black "Babula, Vlastimil"]
[Result "1/2-1/2"]
[WhiteElo "2502"]
[BlackElo "2570"]
[PlyCount "61"]
[EventDate "2020.??.??"]

1. d4 Nf6 2. c4 e6 3. Nc3 Bb4 4. f3 c5 5. d5 O-O 6. e4 b5 7. Nh3 d6 8. Nf2 Bb7
9. Bf4 bxc4 10. dxe6 d5 11. exd5 Nxd5 12. exf7+ Rxf7 13. Bd2 Qe8+ 14. Be2 Rd7
15. Qc1 Nc6 16. Nfe4 Ne5 17. O-O Nd3 18. Bxd3 cxd3 19. Na4 Rc7 20. b3 Rd8 21.
Bg5 Rdd7 22. a3 Ba5 23. Naxc5 Bc3 24. b4 Bxa1 25. Qxa1 h6 26. Nxd7 Qxd7 27. Bd2
Rc2 28. Rc1 Nxb4 29. Bxb4 Bxe4 30. fxe4 Rxg2+ 31. Kxg2 1/2-1/2

[Event "BL 1920 SF Berlin - SV Werder Bremen"]
[Site "?"]
[Date "2020.02.09"]
[Round "6.7"]
[White "Markgraf, Alexander"]
[Black "Blohberger, Felix"]
[Result "1/2-1/2"]
[WhiteElo "2483"]
[BlackElo "2448"]
[PlyCount "57"]
[EventDate "2020.??.??"]

1. e4 c5 2. Nf3 d6 3. d4 cxd4 4. Nxd4 Nf6 5. Nc3 a6 6. Be3 e6 7. f3 h5 8. Bc4
Qc7 9. Bb3 Nbd7 10. Qe2 Nc5 11. O-O-O Be7 12. Rhe1 b5 13. Bg5 b4 14. Nb1 Nxb3+
15. axb3 Bb7 16. Nd2 Rc8 17. Nc4 O-O 18. Kb1 Rfd8 19. h4 d5 20. exd5 Rxd5 21.
Nxe6 Rxd1+ 22. Rxd1 fxe6 23. Qxe6+ Kh8 24. Bxf6 Bxf6 25. Rd7 Qc6 26. Qf7 Ba8
27. Qxh5+ Kg8 28. Qf7+ Kh8 29. Qh5+ 1/2-1/2

[Event "BL 1920 SF Berlin - SV Werder Bremen"]
[Site "?"]
[Date "2020.02.09"]
[Round "6.8"]
[White "Thiede, Lars"]
[Black "Meins, Gerlef"]
[Result "1/2-1/2"]
[WhiteElo "2405"]
[BlackElo "2415"]
[PlyCount "97"]
[EventDate "2020.??.??"]

1. Nf3 c5 2. g3 Nc6 3. Bg2 g6 4. O-O Bg7 5. d3 Nf6 6. e4 d6 7. Nc3 O-O 8. h3 e5
9. Be3 Nd4 10. Nh2 Be6 11. Ng4 Nxg4 12. hxg4 Qd7 13. g5 f5 14. gxf6 Rxf6 15. f4
Raf8 16. Qd2 h5 17. Rf2 h4 18. gxh4 exf4 19. Rxf4 Rxf4 20. Bxf4 Nxc2 21. Rf1
Nd4 22. Bg3 Rxf1+ 23. Kxf1 Qf7+ 24. Qf2 Be5 25. Bxe5 dxe5 26. Qxf7+ Kxf7 27. a3
Kf6 28. Kf2 g5 29. hxg5+ Kxg5 30. Bf3 Kf4 31. Bd1 c4 32. Be2 cxd3 33. Bxd3 Bb3
34. Bf1 a6 35. Bh3 Bc4 36. Bc8 b6 37. Nd5+ Bxd5 38. exd5 Nb5 39. Bxa6 Nd6 40.
Be2 Ke4 41. a4 Kxd5 42. b4 Ne4+ 43. Ke3 Nc3 44. a5 bxa5 45. bxa5 Nxe2 46. Kxe2
Kc5 47. Ke3 Kb5 48. Ke4 Kxa5 49. Kxe5 1/2-1/2

[Event "BL 1920 SG Solingen - SV Hockenheim"]
[Site "?"]
[Date "2020.02.09"]
[Round "6.1"]
[White "Vitiugov, Nikita"]
[Black "Harikrishna, Pentala"]
[Result "1/2-1/2"]
[WhiteElo "2731"]
[BlackElo "2713"]
[PlyCount "67"]
[EventDate "2020.??.??"]

1. e4 c5 2. Nf3 e6 3. c3 d5 4. e5 d4 5. Na3 Nc6 6. Bd3 Nge7 7. O-O Ng6 8. Re1
Be7 9. Nc4 b5 10. Be4 Bb7 11. Qb3 a6 12. a4 Na5 13. Nxa5 Bxe4 14. Rxe4 Qxa5 15.
cxd4 c4 16. Qc3 Qd8 17. d3 Rc8 18. axb5 axb5 19. dxc4 bxc4 20. Ra4 Qd5 21. Nd2
O-O 22. f3 f5 23. exf6 Bxf6 24. Rxc4 Ne7 25. b3 Rfd8 26. Bb2 Rb8 27. Rc5 Rdc8
28. Ba3 Ra8 29. Rxc8+ Rxc8 30. Bc5 Nf5 31. Qb4 Rd8 32. Nc4 Nxd4 33. Ne3 Qxb3
34. Qxb3 1/2-1/2

[Event "BL 1920 SG Solingen - SV Hockenheim"]
[Site "?"]
[Date "2020.02.09"]
[Round "6.2"]
[White "Ragger, Markus"]
[Black "Vidit, Santosh Gujrathi"]
[Result "1/2-1/2"]
[WhiteElo "2670"]
[BlackElo "2721"]
[PlyCount "52"]
[EventDate "2020.??.??"]

1. e4 e5 2. Nf3 Nc6 3. Bc4 Bc5 4. c3 Nf6 5. d3 O-O 6. O-O d5 7. exd5 Nxd5 8.
Re1 Bg4 9. Nbd2 Nb6 10. h3 Bh5 11. Bb3 Qxd3 12. Nxe5 Qf5 13. Nef3 Rad8 14. Qe2
Qc8 15. Ne4 Rde8 16. Qf1 Bxf3 17. Nxc5 Rxe1 18. Qxe1 Re8 19. Be3 Ne5 20. Qf1
Bc6 21. Re1 Qf5 22. Bd4 Nf3+ 23. gxf3 Qg5+ 24. Kh2 Qf4+ 25. Kg1 Qg5+ 26. Kh2
Qf4+ 1/2-1/2

[Event "BL 1920 SG Solingen - SV Hockenheim"]
[Site "?"]
[Date "2020.02.09"]
[Round "6.3"]
[White "Tomashevsky, Evgeny"]
[Black "Ganguly, Surya Shekhar"]
[Result "1/2-1/2"]
[WhiteElo "2705"]
[BlackElo "2640"]
[PlyCount "103"]
[EventDate "2020.??.??"]

1. Nf3 d5 2. e3 Nf6 3. c4 e6 4. b3 b6 5. Bb2 Bd6 6. Nc3 a6 7. g3 O-O 8. Bg2 Bb7
9. cxd5 exd5 10. O-O Re8 11. Rc1 Nbd7 12. Ne2 a5 13. Ned4 Nc5 14. Qc2 Bf8 15.
Rfd1 Nfe4 16. d3 Nd6 17. a3 Qd7 18. h4 f6 19. Kh2 Qf7 20. b4 axb4 21. axb4 Na4
22. b5 Nxb2 23. Qxb2 Ra5 24. Rc2 Rea8 25. Qc1 Ne8 26. Bh3 Bc8 27. Bxc8 Rxc8 28.
Qd2 Rca8 29. Rb1 Qd7 30. Qc1 Bc5 31. Kg2 Ba3 32. Qh1 h5 33. Nc6 Ra4 34. Ra1 Bf8
35. Rxa4 Rxa4 36. Qb1 Qf5 37. Rd2 Ra3 38. Nfd4 Qg6 39. Qd1 Qg4 40. Qf3 Qxf3+
41. Kxf3 g6 42. Ne2 Bd6 43. Rc2 Kg7 44. Nc3 f5 45. Nxd5 Rxd3 46. Nc3 Bc5 47.
Ke2 Rd7 48. Ra2 Nf6 49. Ra8 Bd6 50. Kf3 Ng4 51. Ke2 Nf6 52. Kf3 1/2-1/2

[Event "BL 1920 SG Solingen - SV Hockenheim"]
[Site "?"]
[Date "2020.02.09"]
[Round "6.4"]
[White "Tari, Aryan"]
[Black "Fedoseev, Vladimir"]
[Result "0-1"]
[WhiteElo "2629"]
[BlackElo "2671"]
[PlyCount "114"]
[EventDate "2020.??.??"]

1. e4 c6 2. d4 d5 3. exd5 cxd5 4. Bd3 Nc6 5. c3 Qc7 6. h3 e6 7. Nf3 Bd6 8. O-O
Nge7 9. Re1 O-O 10. b3 Rd8 11. Na3 a6 12. Nc2 b5 13. Bd2 Bd7 14. Rc1 f6 15. c4
Qb8 16. Ne3 Kh8 17. Qe2 Be8 18. Ng4 Bf7 19. cxb5 Nb4 20. Bxb4 Bxb4 21. Red1
axb5 22. Bxb5 Ba3 23. Rc2 h5 24. Ne3 g5 25. Bd3 Kg7 26. g3 Qb6 27. Ng2 Nc6 28.
Qe3 Be7 29. Rcd2 g4 30. hxg4 hxg4 31. Nh2 f5 32. Nf4 Rd6 33. Bb1 Bf6 34. Ne2
Rh8 35. Kg2 Rdd8 36. Rh1 Rc8 37. Rdd1 Rcg8 38. f3 Ne5 39. fxg4 Rxh2+ 40. Rxh2
Nxg4 41. Qf3 Nxh2 42. Kxh2 Bh5 43. Qe3 Bxe2 44. Qxe2 Bxd4 45. Re1 Bf2 46. Rf1
Be3 47. Rf3 Rh8+ 48. Kg2 Bg1 49. Qe5+ Kg8 50. g4 Rh2+ 51. Kg3 Bd4 52. Qf4 Be5
53. Qxe5 Qg1+ 54. Kf4 Qxg4+ 55. Ke3 Qg1+ 56. Kd3 Qd1+ 57. Kc3 Qd2# 0-1

[Event "BL 1920 SG Solingen - SV Hockenheim"]
[Site "?"]
[Date "2020.02.09"]
[Round "6.5"]
[White "Howell, David W L"]
[Black "Andersen, Mads"]
[Result "1/2-1/2"]
[WhiteElo "2665"]
[BlackElo "2584"]
[PlyCount "95"]
[EventDate "2020.??.??"]

1. d4 Nf6 2. c4 e6 3. Nc3 d5 4. cxd5 exd5 5. Bg5 c6 6. e3 Be7 7. Bd3 Nbd7 8.
Qc2 h6 9. Bh4 Nh5 10. Bxe7 Qxe7 11. O-O-O Nb6 12. Kb1 Be6 13. Rc1 Nf6 14. Nf3
Nfd7 15. h3 O-O-O 16. Na4 Nxa4 17. Qxa4 Kb8 18. Rc3 Nb6 19. Qa5 Qc7 20. Ra3 Nc8
21. Qa4 Bd7 22. Ne5 Be8 23. Qc2 Nd6 24. Rc1 f6 25. Nf3 g5 26. Nd2 Bd7 27. Nb3
b6 28. Nd2 Rhe8 29. e4 dxe4 30. Nxe4 Nxe4 31. Bxe4 Rc8 32. Rc3 Qd6 33. f3 Kb7
34. g4 Rc7 35. a3 Rec8 36. Qa4 Kb8 37. Qb4 c5 38. dxc5 Rxc5 39. Rxc5 Rxc5 40.
Rxc5 Qxc5 41. Qb3 Qd6 42. Qf7 a5 43. Qg8+ Kc7 44. Qc4+ Kd8 45. Qg8+ Kc7 46.
Qc4+ Kd8 47. Qg8+ Kc7 48. Qc4+ 1/2-1/2

[Event "BL 1920 SG Solingen - SV Hockenheim"]
[Site "?"]
[Date "2020.02.09"]
[Round "6.6"]
[White "Van Wely, Loek"]
[Black "Inarkiev, Ernesto"]
[Result "1/2-1/2"]
[WhiteElo "2609"]
[BlackElo "2658"]
[PlyCount "60"]
[EventDate "2020.??.??"]

1. Nf3 d5 2. g3 Nf6 3. Bg2 g6 4. d4 Bg7 5. c4 c6 6. cxd5 cxd5 7. Nc3 O-O 8. Ne5
b6 9. O-O Bb7 10. Bf4 Nc6 11. Qa4 Rc8 12. Rfd1 a6 13. Rac1 e6 14. Nxc6 Rxc6 15.
Qb3 Nd7 16. e4 dxe4 17. d5 Rxc3 18. bxc3 exd5 19. Be3 b5 20. a4 Bc6 21. axb5
axb5 22. Ra1 Qb8 23. Ra6 Ne5 24. Rxc6 Nxc6 25. Rxd5 b4 26. Qc4 Ne5 27. Qxb4
Nf3+ 28. Bxf3 exf3 29. Qe4 Bxc3 30. Qxf3 Rd8 1/2-1/2

[Event "BL 1920 SG Solingen - SV Hockenheim"]
[Site "?"]
[Date "2020.02.09"]
[Round "6.8"]
[White "Handke, Florian"]
[Black "Wagner, Dennis"]
[Result "1/2-1/2"]
[WhiteElo "2530"]
[BlackElo "2590"]
[PlyCount "120"]
[EventDate "2020.??.??"]

1. e4 e5 2. Nf3 Nc6 3. Bb5 a6 4. Ba4 Nf6 5. O-O Be7 6. d3 b5 7. Bb3 d6 8. a4 b4
9. Nbd2 O-O 10. h3 Na5 11. Ba2 c5 12. Nc4 Nxc4 13. Bxc4 Be6 14. Bxe6 fxe6 15.
c3 Rb8 16. Re1 Qd7 17. Bd2 bxc3 18. bxc3 Rfc8 19. Qc2 h6 20. Rab1 Rxb1 21. Rxb1
Bd8 22. Be3 c4 23. d4 exd4 24. Nxd4 Ba5 25. Bd2 Qf7 26. Re1 Nd7 27. Re3 Ne5 28.
Rg3 Kh8 29. f4 Nd3 30. Qd1 Nxf4 31. Rf3 e5 32. Nf5 Qe6 33. Bxf4 exf4 34. Qd4
Qe5 35. Qd5 Qxd5 36. exd5 Rc5 37. Nxd6 Rxd5 38. Nxc4 Rd1+ 39. Rf1 Rxf1+ 40.
Kxf1 Bxc3 41. Ke2 g5 42. Kd3 Bb4 43. Ke4 Kg7 44. Kf5 Bc5 45. Ne5 Bd6 46. Nf3
Be7 47. Ne5 Bf6 48. Nd7 Bc3 49. Nc5 a5 50. h4 gxh4 51. Kxf4 Be1 52. Kg4 Kf6 53.
Nb3 Ke5 54. Kh3 Ke4 55. Nxa5 Bxa5 56. g3 Kf3 57. gxh4 Bc7 58. a5 Bxa5 59. Kh2
Bd8 60. Kh1 Bxh4 1/2-1/2

[Event "BL 1920 SV Mülheim Nord - SG Speyer-Sc"]
[Site "?"]
[Date "2020.02.09"]
[Round "6.1"]
[White "Oleksiyenko, Mykhaylo"]
[Black "Navara, David"]
[Result "0-1"]
[WhiteElo "2594"]
[BlackElo "2717"]
[PlyCount "110"]
[EventDate "2020.??.??"]

1. e4 c5 2. Nf3 d6 3. d4 cxd4 4. Nxd4 Nf6 5. Nc3 a6 6. Bd3 g6 7. f3 Qb6 8. a3
Nc6 9. Be3 e5 10. Nf5 Qd8 11. Nh6 Nh5 12. Qd2 Nf4 13. Bxf4 exf4 14. Qxf4 Ne5
15. Nd5 Bg7 16. h4 Be6 17. O-O-O Bxd5 18. exd5 Qb6 19. c3 O-O-O 20. Ng4 Nxd3+
21. Rxd3 h5 22. Ne3 Bh6 23. Qd4 Qxd4 24. cxd4 Rde8 25. Kd2 f5 26. Rf1 Bf4 27.
Rg1 Bg3 28. Rh1 Re7 29. Rh3 f4 30. Rxg3 fxg3 31. Nf1 Rf8 32. Nxg3 Rf4 33. Ne4
Rxh4 34. Nxd6+ Kd8 35. Kc3 Rc7+ 36. Kb3 Rd7 37. Ne4 Rxd5 38. Kc4 Rf5 39. Rd2
Rh2 40. d5 h4 41. Kd4 Rh5 42. a4 h3 43. gxh3 Rxd2+ 44. Nxd2 Rxh3 45. a5 Rh4+
46. Kc5 Rf4 47. Kd6 g5 48. Ke6 Ra4 49. d6 Rxa5 50. Ne4 Rb5 51. b4 b6 52. d7
Rxb4 53. Nxg5 Rd4 54. Nf7+ Kc7 55. Ne5 a5 0-1

[Event "BL 1920 SV Mülheim Nord - SG Speyer-Sc"]
[Site "?"]
[Date "2020.02.09"]
[Round "6.2"]
[White "Nguyen, Thai Dai Van"]
[Black "Abasov, Nijat"]
[Result "1/2-1/2"]
[WhiteElo "2560"]
[BlackElo "2670"]
[PlyCount "67"]
[EventDate "2020.??.??"]

1. d4 Nf6 2. c4 e6 3. Nf3 b6 4. g3 Bb7 5. Bg2 Be7 6. O-O O-O 7. Nc3 Ne4 8. Bd2
f5 9. Ne5 Nxc3 10. Bxc3 Bxg2 11. Kxg2 Bf6 12. Qc2 d5 13. cxd5 Qxd5+ 14. f3 Bxe5
15. dxe5 Nc6 16. Rfd1 Qc4 17. b3 Qc5 18. Rac1 Rad8 19. Rxd8 Rxd8 20. Be1 Qxc2
21. Rxc2 Nxe5 22. Rxc7 Rd7 23. Rc8+ Kf7 24. h4 Ng6 25. Bb4 Ne7 26. Bxe7 Kxe7
27. Kf2 Kf6 28. Ke3 g6 29. Rc6 h5 30. Rc4 Ke5 31. Rc8 Kf6 32. Rc4 Ke5 33. Rc8
Kf6 34. Rc4 1/2-1/2

[Event "BL 1920 SV Mülheim Nord - SG Speyer-Sc"]
[Site "?"]
[Date "2020.02.09"]
[Round "6.3"]
[White "Meshkovs, Nikita"]
[Black "Fridman, Daniel"]
[Result "1/2-1/2"]
[WhiteElo "2566"]
[BlackElo "2625"]
[PlyCount "52"]
[EventDate "2020.??.??"]

1. c4 e6 2. Nc3 d5 3. d4 Nf6 4. Bf4 c5 5. Nf3 cxd4 6. Nxd4 Nbd7 7. Qa4 Bc5 8.
cxd5 O-O 9. Nb3 exd5 10. Rd1 Nb6 11. Qb5 Bd6 12. Bxd6 Qxd6 13. Qc5 Qxc5 14.
Nxc5 Nc4 15. b3 Na3 16. e3 b6 17. N5a4 d4 18. exd4 Nc2+ 19. Kd2 Nxd4 20. Kc1
Nc6 21. Bb5 Bb7 22. Rhe1 Rfd8 23. f3 Kf8 24. Rxd8+ Rxd8 25. Rd1 Rc8 26. Kb2 h5
1/2-1/2

[Event "BL 1920 SV Mülheim Nord - SG Speyer-Sc"]
[Site "?"]
[Date "2020.02.09"]
[Round "6.4"]
[White "Vrolijk, Liam"]
[Black "Pavlidis, Antonios"]
[Result "1/2-1/2"]
[WhiteElo "2501"]
[BlackElo "2544"]
[PlyCount "80"]
[EventDate "2020.??.??"]

1. c4 e5 2. g3 Nc6 3. Nc3 g6 4. Bg2 Bg7 5. Nf3 d6 6. O-O Nf6 7. d4 O-O 8. dxe5
Nxe5 9. b3 Nxf3+ 10. Bxf3 Bh3 11. Re1 c6 12. Bb2 Re8 13. Qd2 Qe7 14. Rad1 Rad8
15. Qd4 a6 16. Ne4 Nh5 17. Qd2 d5 18. cxd5 cxd5 19. Nc3 d4 20. Nd5 Qe5 21. Qxd4
Qg5 22. Qd2 Qxd2 23. Rxd2 Bxb2 24. Rxb2 Kg7 25. Rc2 Rd7 26. Nb6 Rd6 27. Nc4 Rd7
28. Bg2 Bxg2 29. Kxg2 Nf6 30. Kf1 h5 31. h3 Ne4 32. Nb2 h4 33. g4 f5 34. gxf5
gxf5 35. Nd3 Kf6 36. Rec1 Rg8 37. Rc7 Nd2+ 38. Ke1 Ne4 39. Kf1 Nd2+ 40. Ke1 Ne4
1/2-1/2

[Event "BL 1920 SV Mülheim Nord - SG Speyer-Sc"]
[Site "?"]
[Date "2020.02.09"]
[Round "6.5"]
[White "Kantans, Toms"]
[Black "Buckels, Valentin"]
[Result "1/2-1/2"]
[WhiteElo "2499"]
[BlackElo "2462"]
[PlyCount "81"]
[EventDate "2020.??.??"]

1. e4 e5 2. Nf3 Nc6 3. d4 exd4 4. Nxd4 Nf6 5. Nxc6 bxc6 6. e5 Qe7 7. Qe2 Nd5 8.
h4 Qe6 9. g3 d6 10. c4 Nb6 11. Bg2 dxe5 12. O-O Bc5 13. Nd2 O-O 14. Nb3 Be7 15.
Na5 Bd7 16. Re1 Rfe8 17. Bd2 Bc5 18. b4 Bd4 19. Rac1 Qg6 20. Be3 Rad8 21. Nb7
Rb8 22. Nc5 Bg4 23. Qd2 Red8 24. Na6 Rbc8 25. b5 Be6 26. Qb4 cxb5 27. cxb5 Nd5
28. Bxd5 Bxd5 29. Bxd4 exd4 30. Rxc7 Qg4 31. Rxc8 Rxc8 32. Qe7 h5 33. Nb4 Bf3
34. Kh2 Qf5 35. Qxa7 Rd8 36. Qe7 Rd7 37. Qe8+ Kh7 38. Re5 Qb1 39. Re1 Qf5 40.
Re5 Qb1 41. Re1 1/2-1/2

[Event "BL 1920 SV Mülheim Nord - SG Speyer-Sc"]
[Site "?"]
[Date "2020.02.09"]
[Round "6.6"]
[White "Warmerdam, Max"]
[Black "Shytaj, Luca"]
[Result "1-0"]
[WhiteElo "2497"]
[BlackElo "2480"]
[PlyCount "85"]
[EventDate "2020.??.??"]

1. c4 e5 2. Nc3 Nf6 3. Nf3 Nc6 4. e3 Bb4 5. Qc2 a5 6. d3 O-O 7. Be2 Re8 8. O-O
d5 9. cxd5 Nxd5 10. Bd2 Bf8 11. Rac1 Bg4 12. a3 Nxc3 13. Bxc3 Bd6 14. Rfd1 a4
15. d4 e4 16. Ne5 Bxe2 17. Qxe2 Qh4 18. g3 Qh3 19. Nxc6 bxc6 20. Rf1 Rab8 21.
Rc2 Qe6 22. Rfc1 Qb3 23. Bb4 Bxb4 24. axb4 Qxb4 25. Rxc6 Qxb2 26. Qxb2 Rxb2 27.
Ra6 g6 28. Rxa4 Re6 29. Rac4 Rf6 30. R4c2 Rxc2 31. Rxc2 c6 32. Rc5 Kf8 33. g4
h6 34. h4 Ke7 35. Kg2 Kd6 36. Ra5 Re6 37. Kg3 Rf6 38. Ra8 g5 39. hxg5 hxg5 40.
Rg8 Rg6 41. Rxg6+ fxg6 42. f3 exf3 43. e4 1-0

[Event "BL 1920 SV Mülheim Nord - SG Speyer-Sc"]
[Site "?"]
[Date "2020.02.09"]
[Round "6.7"]
[White "Boguslawski, Oleg"]
[Black "Saltaev, Mihail"]
[Result "1/2-1/2"]
[WhiteElo "2390"]
[BlackElo "2475"]
[PlyCount "40"]
[EventDate "2020.??.??"]

1. e4 c6 2. d4 d5 3. e5 Bf5 4. h4 h5 5. Bd3 Bxd3 6. Qxd3 e6 7. Nf3 Qa5+ 8. Nbd2
Qa6 9. c4 Nh6 10. O-O Nf5 11. b3 Be7 12. a4 Nd7 13. Ba3 Bxa3 14. Rxa3 O-O 15.
Qc2 Qa5 16. Raa1 Rfc8 17. Qd3 Qd8 18. g3 a5 19. Rfe1 Nf8 20. Rad1 Rc7 1/2-1/2

[Event "BL 1920 SV Mülheim Nord - SG Speyer-Sc"]
[Site "?"]
[Date "2020.02.09"]
[Round "6.8"]
[White "Hausrath, Daniel"]
[Black "Bodrozic, Tomislav"]
[Result "1/2-1/2"]
[WhiteElo "2477"]
[BlackElo "2364"]
[PlyCount "49"]
[EventDate "2020.??.??"]

1. Nf3 c5 2. b3 d6 3. c4 e5 4. Nc3 Nc6 5. g3 g6 6. Bg2 Bg7 7. O-O Nge7 8. Bb2
O-O 9. d3 Rb8 10. e3 b6 11. Rc1 h6 12. Rc2 f5 13. Rd2 Kh7 14. Qa1 a6 15. Ne1 f4
16. exf4 exf4 17. Ne2 Bxb2 18. Qxb2 fxg3 19. hxg3 Bg4 20. f3 Bd7 21. d4 Nf5 22.
dxc5 dxc5 23. Nc2 Qe7 24. Re1 Rbd8 25. f4 1/2-1/2

[Event "BL 1920 Aachener SV - USV TU Dresden"]
[Site "?"]
[Date "2020.02.22"]
[Round "7.1"]
[White "Almasi, Zoltan"]
[Black "Seel, Christian"]
[Result "1/2-1/2"]
[WhiteElo "2696"]
[BlackElo "2478"]
[PlyCount "74"]
[EventDate "2020.??.??"]

1. Nf3 Nf6 2. c4 c5 3. Nc3 Nc6 4. g3 g6 5. Bg2 Bg7 6. O-O O-O 7. d4 cxd4 8.
Nxd4 Qa5 9. e3 d6 10. Bd2 Qb6 11. Qb3 Qc5 12. Qb5 Nxd4 13. exd4 Qxd4 14. Be3
Qg4 15. b3 a6 16. Qa5 Qf5 17. Qxf5 gxf5 18. Rac1 Rb8 19. Rfe1 Re8 20. Nd5 Bd7
21. Nc7 Rf8 22. Ba7 Rbc8 23. Bb6 e6 24. Rcd1 Ne4 25. f3 Nc3 26. Rxd6 Bc6 27. a4
Bf6 28. a5 Rfd8 29. Rxc6 bxc6 30. Nxa6 Rd2 31. Kf1 c5 32. Bxc5 Rxc5 33. Nxc5
Bd4 34. b4 Rf2+ 35. Kg1 Re2+ 36. Kf1 Rf2+ 37. Kg1 Re2+ 1/2-1/2

[Event "BL 1920 Aachener SV - USV TU Dresden"]
[Site "?"]
[Date "2020.02.22"]
[Round "7.2"]
[White "Koch, Thomas"]
[Black "Gajewski, Grzegorz"]
[Result "0-1"]
[WhiteElo "2475"]
[BlackElo "2614"]
[PlyCount "80"]
[EventDate "2020.??.??"]

1. d4 Nf6 2. c4 e6 3. Nf3 d5 4. Nc3 Bb4 5. cxd5 exd5 6. Bg5 h6 7. Bxf6 Qxf6 8.
Qa4+ Nc6 9. e3 O-O 10. Be2 Be6 11. O-O a6 12. Rfc1 Bd6 13. a3 Ne7 14. Qd1 g5
15. Nd2 Qg7 16. Na4 b6 17. b4 f5 18. Qb3 Kh8 19. Re1 g4 20. g3 Ng6 21. Nb2 h5
22. Nd3 h4 23. Bf1 Qh6 24. Bg2 Rad8 25. Qc3 Rd7 26. Nf4 Bg8 27. Qc6 Nxf4 28.
exf4 Rh7 29. Bxd5 hxg3 30. hxg3 Bxf4 31. gxf4 Qh2+ 32. Kf1 Qxf4 33. Bxg8 Rh2
34. Re2 g3 35. Nf3 g2+ 36. Kg1 Rh1+ 37. Kxg2 Rxa1 38. Ne5 Rxg8+ 39. Ng6+ Kh7
40. Re7+ Kh6 0-1

[Event "BL 1920 Aachener SV - USV TU Dresden"]
[Site "?"]
[Date "2020.02.22"]
[Round "7.3"]
[White "Bartel, Mateusz"]
[Black "Vandenbussche, Thibaut"]
[Result "1-0"]
[WhiteElo "2639"]
[BlackElo "2432"]
[PlyCount "85"]
[EventDate "2020.??.??"]

1. e4 e6 2. d4 d5 3. e5 c5 4. c3 Bd7 5. Nf3 a6 6. Be2 cxd4 7. cxd4 Bb5 8. Bxb5+
axb5 9. O-O b4 10. Qd3 Ne7 11. Nbd2 Nd7 12. Nb3 Nc6 13. Ng5 h6 14. Qh3 Be7 15.
f4 g6 16. Be3 Nb6 17. Nxe6 Qc8 18. f5 fxe6 19. fxg6 Kd7 20. Rf7 Na4 21. g7 Rh7
22. Rf8 Rxg7 23. Rxc8 Rxc8 24. Qxh6 Rcg8 25. g3 Nxb2 26. Rf1 Nc4 27. Bc1 b6 28.
Qh5 Ra8 29. Qe2 Ra4 30. Kg2 Rg8 31. Rf2 Rga8 32. h4 Rxa2 33. Qxa2 Rxa2 34. Rxa2
N6a5 35. h5 Bf8 36. Nxa5 bxa5 37. Rf2 Ke8 38. h6 Bxh6 39. Bxh6 b3 40. Bc1 a4
41. Rf3 b2 42. Bxb2 Nxb2 43. Ra3 1-0